| 000 | 00650nam a2200241Ia 4500 | ||
|---|---|---|---|
| 003 | OSt | ||
| 005 | 20220924144906.0 | ||
| 006 | a|||||r|||| 00| 0 | ||
| 007 | ta | ||
| 008 | 220923b |||||||| |||| 00| 0 urd d | ||
| 024 | _a323455 | ||
| 037 | _cTextual | ||
| 040 |
_aARTS _cARTS _burd |
||
| 041 |
_2urd _aurd |
||
| 082 | _aV541:1.K1, 168F1 | ||
| 100 |
_aMorsekoz Au. _9218653 |
||
| 245 | 0 | _aMualdeen | |
| 260 | _c1921 | ||
| 650 | _aSPAIN - HISTORY | ||
| 700 |
_a Khaleelurrehman Mohammad Tr. _9218654 |
||
| 942 |
_hV541:1.K1, 168F1 _cTEXL _2CC |
||
| 999 |
_c458597 _d458597 |
||